<?xml version="1.0" encoding="UTF-8"?>
<collection xmlns:xsi="http://www.w3.org/2001/XMLSchema-instance" xsi:schemaLocation="http://www.loc.gov/MARC21/slim http://www.loc.gov/standards/marcxml/schema/MARC21slim.xsd" xmlns="http://www.loc.gov/MARC21/slim">
 <record>
  <leader>00000cam a22000004a 4500</leader>
  <controlfield tag="001">UP-8027390931312437029</controlfield>
  <controlfield tag="003">Buklod</controlfield>
  <controlfield tag="005">20150214150445.0</controlfield>
  <controlfield tag="006">o--- |     ||   ||</controlfield>
  <controlfield tag="007">ta</controlfield>
  <controlfield tag="008">100824s2010    xx m    r    a001 0|eng d</controlfield>
  <datafield tag="020" ind1=" " ind2=" ">
   <subfield code="a">9780240813097</subfield>
  </datafield>
  <datafield tag="035" ind1=" " ind2=" ">
   <subfield code="a">(iLib)UPCEB-00008683891</subfield>
  </datafield>
  <datafield tag="040" ind1=" " ind2=" ">
   <subfield code="a">DLC</subfield>
   <subfield code="c">DLC</subfield>
   <subfield code="d">UKM</subfield>
   <subfield code="d">C#P</subfield>
   <subfield code="d">BWX</subfield>
   <subfield code="d">CDX</subfield>
   <subfield code="d">KSU</subfield>
   <subfield code="d">YDXCP</subfield>
   <subfield code="d">BUR</subfield>
   <subfield code="d">BDX</subfield>
   <subfield code="d">SGB</subfield>
   <subfield code="d">DZA</subfield>
  </datafield>
  <datafield tag="082" ind1="0" ind2="4">
   <subfield code="a">778.5345</subfield>
   <subfield code="2">22</subfield>
  </datafield>
  <datafield tag="090" ind1=" " ind2="0">
   <subfield code="a">TR 850</subfield>
   <subfield code="b">W75 2010</subfield>
  </datafield>
  <datafield tag="100" ind1="1" ind2=" ">
   <subfield code="a">Wright, Steve</subfield>
   <subfield code="d">1947-</subfield>
  </datafield>
  <datafield tag="245" ind1="1" ind2="0">
   <subfield code="a">Digital compositing for film and video</subfield>
   <subfield code="c">Steve Wright.</subfield>
  </datafield>
  <datafield tag="250" ind1=" " ind2=" ">
   <subfield code="a">3rd ed.</subfield>
  </datafield>
  <datafield tag="264" ind1=" " ind2="1">
   <subfield code="a">Amsterdam</subfield>
   <subfield code="a">Boston</subfield>
   <subfield code="b">Elsevier/Focal Press</subfield>
   <subfield code="c">c2010.</subfield>
  </datafield>
  <datafield tag="300" ind1=" " ind2=" ">
   <subfield code="a">xxi, 490 p.</subfield>
   <subfield code="b">ill. (some col.)</subfield>
   <subfield code="c">24 cm. +</subfield>
   <subfield code="e">1 DVD-ROM (4 3/4 in.)</subfield>
  </datafield>
  <datafield tag="490" ind1="1" ind2=" ">
   <subfield code="a">Focal Press visual effects and animation series.</subfield>
  </datafield>
  <datafield tag="500" ind1=" " ind2=" ">
   <subfield code="a">DVD contains QuickTime movies that support the text and production exercises.</subfield>
  </datafield>
  <datafield tag="500" ind1=" " ind2=" ">
   <subfield code="a">Includes index.</subfield>
  </datafield>
  <datafield tag="500" ind1=" " ind2=" ">
   <subfield code="a">Jason Baguia (Recommending Faculty) : Arts and Humanities Cluster</subfield>
  </datafield>
  <datafield tag="505" ind1="0" ind2=" ">
   <subfield code="a">Pulling mattes -- Refining mattes -- Despill -- The composite -- CGI compositing -- Blend operations -- Color-correction -- Camera effects -- Animation -- Gamma -- Video -- Film -- Log vs. linear -- Log images.</subfield>
  </datafield>
  <datafield tag="520" ind1=" " ind2=" ">
   <subfield code="a">Addresses the problems and difficult choices that professional compositors face on a daily basis. The reader is presented with tips, techniques, and solutions for dealing with badly shot elements, color artifacts, mismatched lighting and other commonly faced compositing obstacles. Practical, in-depth lessons are featured for bluescreen matte extraction, despill operations, compositing operations, as well as color-corrections. --from publisher description.</subfield>
  </datafield>
  <datafield tag="520" ind1=" " ind2=" ">
   <subfield code="a">Addresses the problems and difficult choices that professional compositors face on a daily basis. The reader is presented with tips, techniques, and solutions for dealing with badly shot elements, color artifacts, mismatched lighting and other commonly faced compositing obstacles. Practical, in-depth lessons are featured for bluescreen matte extraction, despill operations, compositing operations, as well as color-corrections. --from publisher description.</subfield>
  </datafield>
  <datafield tag="650" ind1=" " ind2="0">
   <subfield code="a">Video recording.</subfield>
  </datafield>
  <datafield tag="650" ind1=" " ind2="0">
   <subfield code="a">Cinematography</subfield>
   <subfield code="x">Special effects.</subfield>
  </datafield>
  <datafield tag="650" ind1=" " ind2="0">
   <subfield code="a">Computer graphics.</subfield>
  </datafield>
  <datafield tag="650" ind1=" " ind2="0">
   <subfield code="a">Image processing</subfield>
   <subfield code="x">Digital techniques.</subfield>
  </datafield>
  <datafield tag="830" ind1=" " ind2="0">
   <subfield code="a">Focal Press visual effects and animation series.</subfield>
  </datafield>
  <datafield tag="852" ind1="0" ind2=" ">
   <subfield code="a">UPCEB</subfield>
   <subfield code="b">CEBU-LAHUG</subfield>
   <subfield code="h">TR 850 W75 2010</subfield>
  </datafield>
  <datafield tag="942" ind1=" " ind2=" ">
   <subfield code="a">Book</subfield>
  </datafield>
 </record>
</collection>
